| 000 | 01761cam a22004334i 4500 | ||
|---|---|---|---|
| 003 | PE-LiUPU | ||
| 005 | 20250731183353.0 | ||
| 008 | 160914s r 000 0 spa d | ||
| 020 | _a9709726420 | ||
| 020 | _a9789709726428 | ||
| 035 | _a(Sirsi) a163439 | ||
| 040 |
_aPE-LiUPU _bspa _cPE-LiUPU _erda |
||
| 082 | 0 | 4 |
_a747.88314 _bSBUL _220 |
| 245 |
_aCasas de ciudad = _bCity houses / _ced. Fernando de Haro, Omar Fuentes ; fots. Sebastián Saldívar ... [et al.]. |
||
| 264 |
_aMéxico : _bArquitectos Mexicanos Editores : _bNúmen, _c2006. |
||
| 300 |
_a59, [4] páginas : _bprincipalmente ilustraciones, color ; _ 20centimetros. |
||
| 336 |
_atext _2rdacontent |
||
| 337 |
_aunmediated _2rdamedia |
||
| 338 |
_avolume _2rdacarrier |
||
| 490 | 0 | _aSmall books | |
| 500 | _aTexto en español, traducción paralela en inglés. | ||
| 526 | _aP158 | ||
| 526 | _aP146 | ||
| 526 | _aP17 | ||
| 526 | _aP12 | ||
| 526 | _aP06 | ||
| 650 | 0 | 4 |
_aArquitectura de la vivienda _vObras ilustradas. |
| 650 | 0 | 4 |
_aArquitectura del paisaje _vObras ilustradas. |
| 650 | 0 | 4 |
_aDecoración de interiores _vObras ilustradas. |
| 700 | 0 | 4 |
_aFuentes Elizondo, Omar, _eed. |
| 700 | 0 | 4 |
_aHaro Lebrija, Fernando de, _eed. |
| 700 | 1 |
_aSaldívar, Sebastián, _eil. |
|
| 910 |
_ajck _bjos _cjck _d20160914 |
||
| 942 |
_2ddc _cBOOK |
||
| 949 |
_a 747.88314 SBUL _wDEWEY _c1 _i70752 _lCATALOGING _mBUL _p6 _r0 _sY _tBOOK _u2016-09-14 _xFIA _PP06 _0COMPRA _o.CIRCNOTE. El documento es de alto precio. _o.STAFF. Colección Fia |
||
| 596 | _a1 | ||
| 999 |
_a747.88314 SBUL _wDEWEY _c12317 _i70752 _d12317 _f2021-11-10 _g7 _lCCODEBUL1 _mBUL _p5.00 _q3 _r0 _sY _tBOOK _u2016-9-14 _xINGENIERIA _PP06 _0COMPRA _o.STAFF. Colección Fia |
||
| 980 |
_81 _gALBERTO SANCHEZ Responsable de Automatización |
||